[Event "52nd World Juniors 2013"]
[Site "Kocaeli TUR"]
[Date "2013.09.15"]
[Round "3.51"]
[White "Aydin, Hasan Bora"]
[Black "Pecurica, Milos"]
[Result "1-0"]
[WhiteElo "1848"]
[BlackElo "2190"]
[WhiteFideId "6336612"]
[BlackFideId "944963"]
[EventDate "2013.09.13"]

1. e4 c5 2. Nf3 d6 3. d4 cxd4 4. Nxd4 Nf6 5. Nc3 Nc6 6. Bc4 e6 7. Be3 a6 8. Qe2
Qc7 9. Bb3 Na5 10. O-O-O b5 11. f3 Be7 12. g4 b4 13. Na4 Nxb3+ 14. axb3 Nd7 15.
Qc4 Qxc4 16. bxc4 Bb7 17. Bd2 a5 18. Nb5 O-O 19. Bf4 e5 20. Be3 Bc6 21. b3 Rfc8
22. Nxd6 Bxd6 23. Rxd6 Bxa4 24. bxa4 Nc5 25. Bxc5 Rxc5 26. Rhd1 f6 27. Rd8+ Rxd8
28. Rxd8+ Kf7 29. Rd5 Rxc4 30. Kb2 Rc3 31. Rxa5 Rxf3 32. Rb5 Rc3 33. Rxb4 Rc7
34. a5 Kg6 35. a6 Ra7 36. Ra4 Kg5 37. h3 Kh4 38. Ra3 g6 39. c4 f5 40. gxf5 gxf5
41. exf5 Kg5 42. Kc3 Kxf5 43. Kb4 h5 44. Kb5 Ke4 45. Kb6 Ra8 46. a7 Kd4 47. c5
e4 48. c6 e3 49. Rxe3 Kxe3 50. Kb7 1-0

[Event "52nd World Juniors 2013"]
[Site "Kocaeli TUR"]
[Date "2013.09.15"]
[Round "3.53"]
[White "Zeydan, Salih"]
[Black "Kilic, Efe Mert"]
[Result "1/2-1/2"]
[WhiteElo "1968"]
[BlackElo "1843"]
[WhiteFideId "6361722"]
[BlackFideId "6354327"]
[EventDate "2013.09.13"]

1. e4 c6 2. d4 d5 3. Nd2 dxe4 4. Nxe4 Bf5 5. Ng3 Bg6 6. h4 h6 7. Nf3 Nd7 8. h5
Bh7 9. Bd3 Bxd3 10. Qxd3 Ngf6 11. Bf4 e6 12. O-O-O Qa5 13. Kb1 O-O-O 14. c4 Be7
15. Qc2 Nb6 16. Ne5 Rhf8 17. Ne4 Nbd7 18. Rh3 Nxe5 19. Bxe5 a6 20. d5 Rd7 21.
Bxf6 gxf6 22. dxc6 Rxd1+ 23. Qxd1 bxc6 24. Rd3 Rd8 25. Rxd8+ Qxd8 26. Qxd8+ Kxd8
27. g4 Kd7 28. Kc2 f5 29. gxf5 exf5 30. Nd2 Ke6 31. Kd3 Bd6 32. Nf3 c5 33. b3 a5
34. Ke3 Kf6 35. a3 Ke6 36. Ne1 Be5 37. f4 Bb2 38. Nc2 Bc1+ 39. Kf3 Bd2 40. Ne3
Bc1 41. Nc2 Bd2 42. a4 Bc1 43. Ne1 Bb2 44. Nd3 Bd4 45. Ke2 Kd6 46. Ne1 Bb2 1/2-1/2

[Event "52nd World Juniors 2013"]
[Site "Kocaeli TUR"]
[Date "2013.09.15"]
[Round "3.54"]
[White "Thompson, Robert"]
[Black "Percin, Onder"]
[Result "1-0"]
[WhiteElo "1966"]
[BlackElo "1838"]
[WhiteFideId "417513"]
[BlackFideId "6345190"]
[EventDate "2013.09.13"]

1. Nf3 Nf6 2. c4 g6 3. g3 Bg7 4. Bg2 O-O 5. O-O d6 6. d4 Na6 7. Nc3 c5 8. e4 Bg4
9. Be3 Qc7 10. d5 Nd7 11. h3 Bxf3 12. Bxf3 Qc8 13. Kh2 Nc7 14. Be2 a6 15. Qd2
Re8 16. a4 Rb8 17. h4 Ne5 18. f3 Qd7 19. Qd1 b5 20. axb5 axb5 21. cxb5 c4 22.
Ra7 Qc8 23. Qa4 Rb7 24. b6 Na8 25. Rxb7 Qxb7 26. Qxe8+ Bf8 27. Bh6 Nd7 28. Bxc4
Naxb6 29. Bb5 Qc7 30. Ra1 Qc5 31. Kg2 Qb4 32. Ra2 Qb3 33. Bxd7 Nxd7 34. Bxf8
Nxf8 35. Ra8 Qxb2+ 36. Kh3 1-0

[Event "52nd World Juniors 2013"]
[Site "Kocaeli TUR"]
[Date "2013.09.15"]
[Round "3.55"]
[White "Topac, Ahmet Eren"]
[Black "Sumer, Gun"]
[Result "0-1"]
[WhiteElo "1800"]
[BlackElo "1928"]
[WhiteFideId "6311873"]
[BlackFideId "6311784"]
[EventDate "2013.09.13"]

1. d4 Nf6 2. g4 Nxg4 3. e4 d6 4. Bc4 c6 5. Bg5 Qb6 6. Bb3 Qa5+ 7. Bd2 Qc7 8. Nf3
Nf6 9. Ng5 e6 10. Qf3 h6 11. Qh3 Rg8 12. f4 Be7 13. e5 hxg5 14. exf6 Bxf6 15.
Qh7 Rf8 16. fxg5 Bxd4 17. Nc3 Nd7 18. g6 Nc5 19. gxf7+ Qxf7 20. O-O-O Nxb3+ 21.
axb3 d5 22. Ne2 Bf6 23. Bb4 Be7 24. Bc3 g6 25. Qh6 Bd7 26. Rhg1 O-O-O 27. Qe3
Qf2 28. Qd2 Qxh2 29. Rh1 Qd6 30. Qe3 c5 31. Rh7 Bf6 32. Be1 Qe5 33. Qxc5+ Bc6
34. Nd4 Qe3+ 35. Kb1 Bxd4 36. Rxd4 Qxe1+ 37. Ka2 Rf1 38. Ka3 Qa1+ 39. Kb4 a5+
40. Qxa5 Qxa5+ 41. Kxa5 Rd7 42. Rh8+ Kc7 0-1

[Event "52nd World Juniors 2013"]
[Site "Kocaeli TUR"]
[Date "2013.09.15"]
[Round "3.56"]
[White "Atay, Sergen"]
[Black "Karabayir, Mustafa Yilmaz"]
[Result "1/2-1/2"]
[WhiteElo "1713"]
[BlackElo "1926"]
[WhiteFideId "6309143"]
[BlackFideId "6300090"]
[EventDate "2013.09.13"]

1. c4 e6 2. g3 d5 3. Bg2 c6 4. cxd5 exd5 5. d4 Nf6 6. Nc3 Bd6 7. Qc2 O-O 8. e3
Re8 9. Nge2 Na6 10. a3 Be6 11. b4 Qd7 12. O-O Bf5 13. Qd1 Nc7 14. Re1 a5 15. Na4
Qe7 16. Nb6 Ra6 17. bxa5 Rxa5 18. a4 Na8 19. Nxa8 Rexa8 20. Bb2 Bb4 21. Nc3 Ne4
22. Bxe4 dxe4 23. Qe2 Qe6 24. Reb1 Bg4 25. Qf1 Rh5 26. d5 cxd5 27. Nb5 Rxh2 28.
Kxh2 Qh6+ 29. Kg1 Bf3 30. Qg2 Bxg2 31. Kxg2 Bc5 32. Bd4 Bf8 33. Nc7 Rc8 34. Nxd5
Qh5 35. Rb5 Qf3+ 36. Kg1 Rc2 37. Rf1 h5 38. Nf4 h4 39. Rg5 Bd6 40. Bxg7 Bxf4 41.
gxf4 Rc6 42. f5 f6 43. Bxf6+ Kf7 44. Be5 Rc5 45. Bf4 Ke8 46. a5 Rxa5 47. Rc1 Rd5
48. Rc8+ 1/2-1/2

[Event "52nd World Juniors 2013"]
[Site "Kocaeli TUR"]
[Date "2013.09.15"]
[Round "3.57"]
[White "Cingoz, Ozan"]
[Black "Garcia Herrera, Enrique Ric"]
[Result "1-0"]
[BlackTitle "CM"]
[WhiteElo "1918"]
[BlackElo "1653"]
[WhiteFideId "6333397"]
[BlackFideId "5115124"]
[EventDate "2013.09.13"]

1. d4 Nf6 2. Nf3 c5 3. c3 g6 4. dxc5 Qc7 5. b4 Bg7 6. Bb2 O-O 7. e3 Rd8 8. Qb3
d6 9. Bc4 d5 10. Be2 a5 11. a3 Bf5 12. Nd4 Be4 13. Bf3 Nc6 14. Nd2 Ne5 15. O-O
Nxf3+ 16. N4xf3 e5 17. h3 Qe7 18. Rfd1 Qe6 19. Ng5 Qf5 20. Ndxe4 Nxe4 21. Nxe4
Qxe4 22. Rd2 axb4 23. cxb4 Rd7 24. Rad1 Rad8 25. b5 d4 26. a4 Rd5 27. Qc4 Rc8
28. exd4 exd4 29. c6 bxc6 30. b6 c5 31. a5 Rd6 32. Re2 Qc6 33. Re7 Re6 34. Rxe6
fxe6 35. Rc1 Be5 36. Re1 1-0

[Event "52nd World Juniors 2013"]
[Site "Kocaeli TUR"]
[Date "2013.09.15"]
[Round "3.58"]
[White "Uraz, Abdullah Kerim"]
[Black "Heinechen, John"]
[Result "0-1"]
[WhiteElo "1602"]
[BlackElo "1901"]
[WhiteFideId "2044846"]
[BlackFideId "3700976"]
[EventDate "2013.09.13"]

1. e4 c5 2. Nf3 e6 3. d4 cxd4 4. Nxd4 a6 5. c4 Nf6 6. Bd3 Qc7 7. O-O Nc6 8. Nb3
b6 9. Be3 d6 10. Nc3 Bb7 11. Rc1 Ne5 12. f3 Be7 13. Qe2 Rc8 14. Na4 Nfd7 15. f4
Nxd3 16. Qxd3 Qc6 17. Nc3 Qxc4 18. Qd1 Qc7 19. Qg4 Qd8 20. f5 exf5 21. Rxf5 g6
22. Rf2 Ne5 23. Qh3 Nd3 24. Bd4 Nxf2 25. Qf3 Nxe4 26. Bxh8 Nxc3 27. Qxb7 Ne2+
28. Kf2 Nxc1 29. Nd4 Nd3+ 30. Ke3 Nc5 31. Qd5 Bg5+ 32. Kf2 Qe7 33. Kf1 Bf6 34.
Bxf6 Qxf6+ 35. Kg1 Nd3 36. Qe4+ Kf8 37. Nc2 Qf2+ 38. Kh1 Ne1 0-1

[Event "52nd World Juniors 2013"]
[Site "Kocaeli TUR"]
[Date "2013.09.16"]
[Round "4.1"]
[White "Yu, Yangyi"]
[Black "Salem, A.R. Saleh"]
[Result "1-0"]
[WhiteTitle "GM"]
[BlackTitle "GM"]
[WhiteElo "2662"]
[BlackElo "2570"]
[WhiteFideId "8603820"]
[BlackFideId "9301348"]
[EventDate "2013.09.13"]

1. e4 e5 2. Nf3 Nc6 3. d4 exd4 4. Nxd4 Bb4+ 5. c3 Bc5 6. Be3 Bb6 7. Nf5 g6 8.
Bxb6 axb6 9. Ne3 Nf6 10. f3 Qe7 11. c4 Qb4+ 12. Qd2 Qxd2+ 13. Kxd2 d6 14. Nc3
Kd8 15. Be2 Re8 16. Rac1 Nd4 17. Rhd1 c6 18. Bf1 Kc7 19. Ke1 Ne6 20. b4 Nd7 21.
Kf2 Ng7 22. Rd4 f5 23. a4 Nf6 24. Rcd1 Re6 25. g3 fxe4 26. Bh3 Re7 27. Rxd6 Nge8
28. Rd8 exf3 29. b5 Rb8 30. a5 Nd7 31. Rxc8+ Kxc8 32. Ned5 cxd5 33. Nxd5 Rg7 34.
Nxb6+ Kc7 35. Nxd7 Ra8 36. b6+ Kc6 37. Rd5 Rxa5 38. Rxa5 Rxd7 39. Bxd7+ Kxd7 40.
Kxf3 1-0

[Event "52nd World Juniors 2013"]
[Site "Kocaeli TUR"]
[Date "2013.09.16"]
[Round "4.2"]
[White "Duda, Jan-Krzysztof"]
[Black "Ipatov, Alexander"]
[Result "1/2-1/2"]
[WhiteTitle "IM"]
[BlackTitle "GM"]
[WhiteElo "2534"]
[BlackElo "2601"]
[WhiteFideId "1170546"]
[BlackFideId "14116731"]
[EventDate "2013.09.13"]

1. e4 c6 2. d4 d5 3. e5 Bf5 4. h4 Qb6 5. Ne2 h5 6. Ng3 Bg4 7. Qd3 g6 8. Nc3 Nh6
9. Nce2 Na6 10. a3 Nc7 11. Qb3 Qxb3 12. cxb3 f6 13. Nf4 Kf7 14. Bd3 Rg8 15. f3
Bd7 16. exf6 exf6 17. Kf2 Ne8 18. Nfe2 Nd6 19. Bf4 Nhf5 20. Rad1 Re8 21. b4 a6
22. Nxf5 Bxf5 23. Bxd6 Bxd3 24. Rxd3 Bxd6 25. g3 Re7 26. Re3 Rxe3 27. Kxe3 Re8+
28. Kf2 Bf8 29. Nf4 Bh6 30. Ng2 Re6 31. Re1 g5 32. Rxe6 Kxe6 33. f4 Kf5 34. Kf3
Kg6 35. Ke3 Bf8 36. Kf3 Bd6 37. Ne1 gxh4 38. gxh4 Kf5 39. Ng2 Ke6 40. Ne1 b6 41.
Nc2 Be7 42. Ne1 Bf8 43. Ke3 Bd6 44. Kf3 Kf5 45. Ng2 Kg6 46. Ne1 Bf8 47. Ke3 Bg7
48. Nc2 Kf5 49. Kf3 Ke6 50. Ne1 f5 51. Ke3 c5 52. bxc5 bxc5 53. Nf3 Kd6 54. Kd3
Bf6 55. dxc5+ Kxc5 56. b4+ Kb5 57. Nd4+ Ka4 58. Nxf5 Kxa3 59. Ne3 d4 60. Nd5
Bxh4 61. Kxd4 Bd8 62. f5 h4 63. Ke4 Kb3 64. f6 Bxf6 65. Nc7 h3 66. Kf3 Be5 67.
Nxa6 Kc2 68. Kf2 Kd3 1/2-1/2

[Event "52nd World Juniors 2013"]
[Site "Kocaeli TUR"]
[Date "2013.09.16"]
[Round "4.3"]
[White "Petenyi, Tamas"]
[Black "Grandelius, Nils"]
[Result "1-0"]
[WhiteTitle "IM"]
[BlackTitle "GM"]
[WhiteElo "2468"]
[BlackElo "2576"]
[WhiteFideId "14909090"]
[BlackFideId "1710400"]
[EventDate "2013.09.13"]

1. e4 c5 2. Nf3 d6 3. d4 cxd4 4. Nxd4 Nf6 5. Nc3 a6 6. Bc4 e6 7. Bb3 Nbd7 8. Qe2
Nc5 9. Bg5 Be7 10. f4 h6 11. Bxf6 Bxf6 12. O-O-O Qc7 13. Rhe1 Bd7 14. Kb1 O-O-O
15. e5 dxe5 16. fxe5 Be7 17. Qf3 Rhf8 18. Nf5 Bc6 19. Nxe7+ Qxe7 20. Qf2 Rxd1+
21. Rxd1 Nd7 22. Re1 Qg5 23. g3 Kb8 24. Qd4 Qe7 25. Ba4 Qc5 26. Qg4 Bxa4 27.
Nxa4 Qf2 28. Qd1 Rc8 29. Rf1 Qg2 30. Rxf7 Rc7 31. b3 Qc6 32. Rxg7 Nxe5 33. Rxc7
Kxc7 34. Qd4 Qd6 35. Qc3+ Kb8 36. Nc5 Nc6 37. Ne4 Qd1+ 38. Kb2 Qe2 39. Nc5 e5
40. Qd3 Qf2 41. Qc4 Ka7 42. Nxa6 Qxh2 43. Nc5 Qxg3 44. Nd7 Qe1 45. Qc5+ Ka8 46.
Qf8+ Ka7 47. Qc5+ Ka8 48. Qf8+ Ka7 49. Qxh6 Qd1 50. Qe3+ Qd4+ 51. Qxd4+ exd4 52.
a3 b5 53. Kc1 Kb7 54. Kd2 Kc7 55. Nc5 Kd6 56. Nd3 Kd5 57. Ke2 Ke4 58. Nf2+ Kd5
59. Ng4 Ke4 60. Nf6+ Ke5 61. Ne8 Na7 62. Kd3 Kd5 63. Nf6+ Ke5 64. Ng4+ Kf5 65.
Nh2 1-0

[Event "52nd World Juniors 2013"]
[Site "Kocaeli TUR"]
[Date "2013.09.16"]
[Round "4.4"]
[White "Javakhadze, Zurab"]
[Black "Vidit, Santosh Gujrathi"]
[Result "0-1"]
[WhiteTitle "IM"]
[BlackTitle "GM"]
[WhiteElo "2457"]
[BlackElo "2565"]
[WhiteFideId "13603647"]
[BlackFideId "5029465"]
[EventDate "2013.09.13"]

1. Nf3 Nf6 2. g3 b5 3. Bg2 Bb7 4. O-O c5 5. b3 g6 6. Bb2 Bg7 7. e3 O-O 8. Qe2 b4
9. c4 bxc3 10. dxc3 d6 11. c4 Nbd7 12. Rd1 a5 13. Nc3 Ne4 14. Nb5 Qb6 15. Bxg7
Kxg7 16. a4 Rfd8 17. Ne1 Ndf6 18. Nd3 Bc6 19. Nf4 Qb7 20. Qb2 Kg8 21. h4 e5 22.
Nd5 Nxd5 23. Bxe4 Nb4 24. Bxc6 Qxc6 25. Rd2 Rd7 26. Rad1 Rad8 27. e4 f6 28. f3
Qb6 29. Kg2 Qb8 30. Nc3 Nc6 31. Nd5 Rf8 32. Nc3 Nd4 33. Nb5 f5 34. Qb1 Rdf7 35.
f4 exf4 36. Nxd4 cxd4 37. Rxd4 fxg3 38. Rxd6 fxe4 39. Qxe4 Qxb3 40. R1d3 Qc2+ 0-1

[Event "52nd World Juniors 2013"]
[Site "Kocaeli TUR"]
[Date "2013.09.16"]
[Round "4.5"]
[White "Sethuraman, S.P."]
[Black "Baghdasaryan, Vahe"]
[Result "1-0"]
[WhiteTitle "GM"]
[BlackTitle "IM"]
[WhiteElo "2553"]
[BlackElo "2423"]
[WhiteFideId "5021596"]
[BlackFideId "13303139"]
[EventDate "2013.09.13"]

1. d4 d5 2. c4 c6 3. Nf3 Nf6 4. Qb3 dxc4 5. Qxc4 Bf5 6. g3 e6 7. Bg2 Be7 8. O-O
O-O 9. Nc3 Nbd7 10. Re1 Ne4 11. Bf4 h6 12. Qb3 g5 13. Be3 Qb6 14. Ne5 Qxb3 15.
axb3 Nxe5 16. dxe5 Nc5 17. b4 Nd7 18. b5 Nxe5 19. Bxa7 Rfd8 20. Rec1 g4 21. Nd1
Rd2 22. Be3 Rxa1 23. Bxd2 Rxc1 24. Bxc1 cxb5 25. Bxh6 Nc4 26. Bxb7 Bf6 27. Ba6
Nxb2 28. Nxb2 Bxb2 29. Bxb5 Be4 30. h4 gxh3 31. f3 Bf5 32. Kh2 Be5 33. e4 Bg6
34. Kxh3 f5 35. Bc4 fxe4 36. f4 Kh7 37. Bg5 Bc3 38. Bxe6 e3 39. Bc4 Bf5+ 40. g4
Be4 41. f5 Bd4 42. Kg3 Kg7 43. Kf4 Bc6 44. Be7 Ba4 45. g5 Be8 46. Be2 Bb6 47.
Bf6+ Kh7 48. Bd3 Bc5 49. g6+ Kh6 50. Bg5+ Kg7 51. f6+ Kh8 52. Kf5 Bd7+ 53. Ke5
Be8 54. f7 Bxf7 55. gxf7 Kg7 56. Ke4 1-0

[Event "52nd World Juniors 2013"]
[Site "Kocaeli TUR"]
[Date "2013.09.16"]
[Round "4.6"]
[White "Eliseev, Urii"]
[Black "Bai, Jinshi"]
[Result "1-0"]
[WhiteTitle "IM"]
[WhiteElo "2550"]
[BlackElo "2419"]
[WhiteFideId "24131920"]
[BlackFideId "8602280"]
[EventDate "2013.09.13"]

1. e4 e5 2. Nf3 Nc6 3. Bb5 a6 4. Ba4 Nf6 5. O-O Nxe4 6. d4 b5 7. Bb3 d5 8. dxe5
Be6 9. Nbd2 Nc5 10. c3 d4 11. Bxe6 Nxe6 12. cxd4 Ncxd4 13. a4 Bb4 14. axb5 Nxb5
15. Qa4 c5 16. Nc4 O-O 17. Rd1 Nbd4 18. Nxd4 Nxd4 19. Be3 a5 20. Rac1 Rc8 21.
Kh1 Qh4 22. Nd6 Rcd8 23. Qa2 Ne6 24. f4 Qe7 25. Qc4 Rd7 26. f5 Nc7 27. Qf4 Rfd8
28. Qg3 Ne8 29. f6 Qe6 30. Rf1 g6 31. Nf5 c4 32. h3 Rd3 33. Nh6+ Kh8 34. Qf4
Rxe3 35. Qxe3 Bd2 36. Nxf7+ Qxf7 37. e6 Qxf6 38. Qc5 Bb4 39. Qxc4 Qxb2 40. Qh4
Rb8 41. e7 Qe5 42. Rf8+ Kg7 43. Rcf1 h5 44. Qg5 Qxe7 45. Qxe7+ Bxe7 46. R1f7+
Kh6 47. Rxe7 Rb1+ 48. Kh2 Nd6 49. h4 1-0

[Event "52nd World Juniors 2013"]
[Site "Kocaeli TUR"]
[Date "2013.09.16"]
[Round "4.7"]
[White "Nasanjargal, Urtnasan"]
[Black "Stukopin, Andrey"]
[Result "0-1"]
[WhiteTitle "FM"]
[BlackTitle "IM"]
[WhiteElo "2323"]
[BlackElo "2522"]
[WhiteFideId "4900774"]
[BlackFideId "24107131"]
[EventDate "2013.09.13"]

1. d4 c5 2. d5 d6 3. c4 g6 4. Nc3 Bg7 5. e4 e6 6. Nf3 exd5 7. exd5 Nd7 8. Bf4
Ne5 9. Nxe5 dxe5 10. Be3 b6 11. Qd2 Ne7 12. Bd3 Bf5 13. O-O O-O 14. Be2 Bd7 15.
Bh6 Bxh6 16. Qxh6 Nf5 17. Qd2 Nd6 18. f4 Re8 19. Rae1 Qh4 20. g3 Qh6 21. Bd3 f5
22. Rf2 exf4 23. Ne2 g5 24. gxf4 g4 25. Ng3 Rxe1+ 26. Qxe1 Re8 27. Qc3 Qg7 28.
Qxg7+ Kxg7 29. Re2 Rxe2 30. Nxe2 b5 31. cxb5 Bxb5 32. Bxb5 Nxb5 33. Kf2 Kf6 34.
Kg3 Nd4 35. Nc3 Ke7 36. h3 h5 37. hxg4 hxg4 38. Kh4 Kd6 39. b3 a6 40. Kg3 Nb5
41. Ne2 Kxd5 42. Kh4 Ke4 43. Kg5 Nd4 44. Ng3+ Kf3 0-1

[Event "52nd World Juniors 2013"]
[Site "Kocaeli TUR"]
[Date "2013.09.16"]
[Round "4.8"]
[White "Debashis, Das"]
[Black "Muhammad, Luthfi Ali"]
[Result "1/2-1/2"]
[WhiteTitle "IM"]
[BlackTitle "CM"]
[WhiteElo "2489"]
[BlackElo "2277"]
[WhiteFideId "5024854"]
[BlackFideId "7103743"]
[EventDate "2013.09.13"]

1. c4 Nf6 2. Nc3 g6 3. e4 c5 4. Nf3 Nc6 5. d4 cxd4 6. Nxd4 Nxd4 7. Qxd4 d6 8.
Bg5 Bg7 9. Be2 O-O 10. Qd2 Be6 11. Rc1 Qa5 12. f3 Rfc8 13. b3 a6 14. Na4 Qxd2+
15. Kxd2 Nd7 16. h4 Kf8 17. Rc2 Rab8 18. Rhc1 f6 19. Be3 b5 20. cxb5 Rxc2+ 21.
Rxc2 axb5 22. Nc3 b4 23. Nb5 f5 24. Nd4 Bxd4 25. Bxd4 fxe4 26. fxe4 Ra8 27. Bf3
Ne5 28. Be2 Kf7 29. Kc1 Bc8 30. Kb2 Bb7 31. Bxe5 dxe5 32. Bf3 Rd8 33. a4 bxa3+
34. Kxa3 Rd4 35. b4 Ke6 36. b5 Kd6 37. Kb3 Bxe4 38. Bxe4 Rxe4 39. b6 Re1 40. Ka2
Re4 41. Kb3 Re1 42. Kb2 Re4 43. Kb3 Re1 44. Kb2 1/2-1/2

[Event "52nd World Juniors 2013"]
[Site "Kocaeli TUR"]
[Date "2013.09.16"]
[Round "4.9"]
[White "Vakhidov, Jahongir"]
[Black "Kanarek, Marcel"]
[Result "1/2-1/2"]
[WhiteTitle "IM"]
[BlackTitle "IM"]
[WhiteElo "2385"]
[BlackElo "2483"]
[WhiteFideId "14201801"]
[BlackFideId "1126822"]
[EventDate "2013.09.13"]

1. d4 Nf6 2. Nf3 g6 3. c4 Bg7 4. g3 O-O 5. Bg2 d6 6. Nc3 Nc6 7. O-O Bg4 8. Be3
Nd7 9. Qd2 e5 10. dxe5 Bxf3 11. exf3 Ndxe5 12. Qe2 Na5 13. c5 Nec4 14. cxd6 Qxd6
15. Ne4 Qb4 16. Rab1 Nxe3 17. fxe3 Nc4 18. Rfd1 Rad8 19. b3 Nb6 20. f4 c6 21.
Nf2 Nd5 22. Bxd5 cxd5 23. Rd3 Rd6 24. Qd2 Qxd2 25. Rxd2 Re6 26. Nd1 d4 27. exd4
Re4 28. d5 Rd4 29. Rxd4 Bxd4+ 30. Nf2 Rd8 31. Rd1 Rxd5 32. Kf1 f5 33. Nd3 Bf6
34. Ke2 Ra5 35. Rd2 Kf8 36. Rc2 Ra6 37. Nc5 Rc6 38. Rc4 Ke7 39. Nxb7 Rxc4 40.
bxc4 Bd4 41. Na5 Kd6 42. Nb3 Bb6 43. Kf3 h5 44. h3 Bg1 45. g4 hxg4+ 46. hxg4
fxg4+ 47. Kxg4 a5 48. a4 Be3 49. Kf3 Bg1 50. Ke4 Bh2 51. c5+ Kc6 52. Kd4 Bxf4
53. Nxa5+ Kc7 54. Nc4 g5 55. a5 g4 56. Ne3 Kb7 57. Nxg4 Bc7 58. Kd5 Bxa5 59. Nf6
Bb4 60. c6+ Kc8 61. Kc4 Bd6 62. Kb5 Bh2 63. Nd5 Bg1 64. Kc4 Bf2 65. Nf4 Bg3 66.
Ne6 Bh2 67. Kb5 Bg1 68. Kc4 Bh2 69. Nd4 Bg1 70. Nb5 Bh2 71. Kd5 Bg3 72. Na3 Bh2
73. Nc4 Bg3 74. Ne3 Bh2 75. Ng4 Bb8 76. Kc5 Ba7+ 77. Kb5 Bg1 78. Nf6 Bf2 79. Kc4
Bg1 80. Ne8 Bh2 81. Kd5 Bg3 82. Ng7 Bb8 83. Nf5 Bh2 84. Ne3 Bb8 85. Nd1 Bh2 86.
Nc3 Bg3 87. Ne2 Bb8 88. Nd4 Bh2 89. Nc2 Bg3 90. Nb4 Bh2 91. Nd3 1/2-1/2

[Event "52nd World Juniors 2013"]
[Site "Kocaeli TUR"]
[Date "2013.09.16"]
[Round "4.10"]
[White "Ratkovic, Milovan"]
[Black "Idani, Pouya"]
[Result "0-1"]
[BlackTitle "IM"]
[WhiteElo "2302"]
[BlackElo "2480"]
[WhiteFideId "914525"]
[BlackFideId "12510130"]
[EventDate "2013.09.13"]

1. d4 Nf6 2. c4 e6 3. Nf3 c5 4. d5 d6 5. Nc3 exd5 6. cxd5 g6 7. h3 Bg7 8. e4 O-O
9. Bd3 Nh5 10. O-O Nd7 11. Bg5 Bf6 12. Be3 Re8 13. Qd2 a6 14. a4 Ne5 15. Be2
Nxf3+ 16. Bxf3 Ng7 17. g4 h5 18. Ne2 hxg4 19. hxg4 Be5 20. Kg2 f5 21. exf5 gxf5
22. g5 f4 23. Bxf4 Bxf4 24. Qxf4 Re5 25. Ng3 Qxg5 26. Qxg5 Rxg5 27. Rh1 Bf5 28.
Rh6 Bg6 29. Rah1 Kf7 30. Rh8 Rxh8 31. Rxh8 Ne8 32. Kf1 Kg7 33. Rh4 Nf6 34. Ne4
Bxe4 35. Bxe4 b5 36. f3 Rh5 37. Rxh5 Nxh5 38. Bd3 c4 39. Bf5 Ng3+ 0-1

[Event "52nd World Juniors 2013"]
[Site "Kocaeli TUR"]
[Date "2013.09.16"]
[Round "4.12"]
[White "Cori, Jorge"]
[Black "Ali Marandi, Cemil Can"]
[Result "1/2-1/2"]
[WhiteTitle "GM"]
[BlackTitle "IM"]
[WhiteElo "2587"]
[BlackElo "2403"]
[WhiteFideId "3802272"]
[BlackFideId "6300529"]
[EventDate "2013.09.13"]

1. e4 e5 2. Nf3 Nc6 3. Bc4 Bc5 4. d3 Nf6 5. Be3 Bxe3 6. fxe3 O-O 7. O-O d6 8.
Nbd2 Be6 9. Qe1 Na5 10. Bxe6 fxe6 11. d4 Nc6 12. c3 Qe8 13. Qh4 Qh5 14. Qxh5
Nxh5 15. dxe5 Nxe5 16. Nxe5 dxe5 17. Nf3 Nf6 18. Rad1 Rfd8 19. Nxe5 Nxe4 20. Rd4
Nf6 21. Rfd1 Rd5 22. Nd3 Ra5 23. Nc1 Re5 24. Rd8+ Rxd8 25. Rxd8+ Kf7 26. Rc8 Ne8
27. Kf2 Rf5+ 28. Ke2 Rg5 29. Kf3 Rf5+ 30. Ke2 Rg5 1/2-1/2

[Event "52nd World Juniors 2013"]
[Site "Kocaeli TUR"]
[Date "2013.09.16"]
[Round "4.13"]
[White "Kurayan, Ruslan"]
[Black "Kovalev, Vladislav"]
[Result "1/2-1/2"]
[BlackTitle "IM"]
[WhiteElo "2398"]
[BlackElo "2568"]
[WhiteFideId "14120615"]
[BlackFideId "13504398"]
[EventDate "2013.09.13"]

1. e4 e5 2. Nf3 Nc6 3. d4 exd4 4. Nxd4 Nf6 5. Nxc6 bxc6 6. e5 Qe7 7. Qe2 Nd5 8.
c4 Nb6 9. Nc3 Qe6 10. Qe4 g6 11. f4 Bg7 12. c5 Nd5 13. Bc4 Nxc3 14. bxc3 Qe7 15.
Be3 O-O 16. O-O Rb8 17. Rae1 d5 18. cxd6 cxd6 19. Qxc6 Rd8 20. Bd4 Bb7 21. Qa4
dxe5 22. fxe5 Bd5 23. Rf2 Rb7 24. Bxd5 Rxd5 25. Qc6 Qd7 26. Qxd7 Rbxd7 27. Rb2
h5 28. Rb8+ Kh7 29. Re8 Rb7 30. Re2 Rdb5 31. Kf2 Ra5 32. Ke3 Ra4 33. Kd3 Rd7 34.
Rb2 g5 35. h3 h4 36. Rc2 Kg6 37. Ke3 Ra5 38. c4 Ra3+ 39. Ke4 Ra4 40. Rc8 Ra6 41.
c5 Re7 42. c6 Bxe5 43. Bxe5 Ra5 44. c7 Rexe5+ 45. Kf3 Rf5+ 46. Ke3 1/2-1/2

[Event "52nd World Juniors 2013"]
[Site "Kocaeli TUR"]
[Date "2013.09.16"]
[Round "4.14"]
[White "Laurusas, Tomas"]
[Black "Indjic, Aleksandar"]
[Result "1/2-1/2"]
[BlackTitle "IM"]
[WhiteElo "2398"]
[BlackElo "2549"]
[WhiteFideId "12803731"]
[BlackFideId "911925"]
[EventDate "2013.09.13"]

1. d4 Nf6 2. c4 c5 3. Nf3 cxd4 4. Nxd4 a6 5. Nc3 e6 6. a3 Qc7 7. e4 d6 8. Be2
Be7 9. O-O O-O 10. Be3 b6 11. Rc1 Bb7 12. f3 Nbd7 13. Qd2 Rac8 14. Rfd1 Qb8 15.
Kh1 Bd8 16. Qe1 Bc7 17. Qg1 Rfe8 18. Nc2 Kh8 19. b4 d5 20. exd5 exd5 21. Nxd5
Nxd5 22. cxd5 Nf6 23. Bc4 Be5 24. Bb3 Rc3 25. Rb1 Bxd5 26. Bxd5 Nxd5 27. Rxd5
Rxc2 28. b5 axb5 29. Rdxb5 Bxh2 30. Qxh2 Qxh2+ 31. Kxh2 Rxe3 32. Rxb6 h6 33.
R6b2 Rxb2 34. Rxb2 Rxa3 35. Rb6 Kh7 36. Kg3 f6 37. Rb5 Kg6 38. Rc5 Ra2 39. Rb5
h5 40. Kh3 Kh6 41. Rf5 Re2 42. Ra5 g5 43. Ra6 Kg6 44. Rb6 Re1 45. Ra6 Rh1+ 46.
Kg3 h4+ 47. Kf2 Rb1 48. Rc6 Rb5 49. Kg1 Kf5 50. Kh2 Rb2 51. Rc5+ Kf4 52. Rc6 Kf5
53. Rc5+ Kg6 54. Rc6 Rb4 55. Ra6 Kf5 56. Rc6 Ke5 57. Rc5+ Kf4 58. Rc2 g4 59.
fxg4 Kxg4 60. Rc3 f5 61. Ra3 1/2-1/2

[Event "52nd World Juniors 2013"]
[Site "Kocaeli TUR"]
[Date "2013.09.16"]
[Round "4.15"]
[White "Grover, Sahaj"]
[Black "Arvola, Benjamin"]
[Result "1-0"]
[WhiteTitle "GM"]
[BlackTitle "FM"]
[WhiteElo "2479"]
[BlackElo "2354"]
[WhiteFideId "5021103"]
[BlackFideId "1506536"]
[EventDate "2013.09.13"]

1. d4 Nf6 2. c4 e6 3. Nc3 Bb4 4. f3 O-O 5. e4 b6 6. Bd3 Ne8 7. Ne2 Nc6 8. Be3 e5
9. d5 Ne7 10. Qc2 Nd6 11. a3 Bc5 12. Bd2 a5 13. Na4 Nb7 14. b4 axb4 15. axb4 Bd4
16. Nxd4 exd4 17. O-O d6 18. c5 bxc5 19. bxc5 dxc5 20. Nxc5 Rxa1 21. Rxa1 c6 22.
Nxb7 Bxb7 23. Qb2 Ba8 24. Bb4 cxd5 25. Qa3 1-0